| 000 | 01601cam a22003131i 4500 | ||
|---|---|---|---|
| 003 | SA-RiAUC | ||
| 005 | 20250114080554.0 | ||
| 008 | 250113s2009 mr g b 000 0 ara c | ||
| 020 | _a9981030155 | ||
| 040 |
_aSA-JeALM _bara _cSA-RiAUC. _erda |
||
| 082 | 0 | 4 | _a258.2 |
| 090 |
_a258.2 _bا ب ن ف |
||
| 100 | 1 |
_aابن الفخار، محمد بن عمر بن يوسف، _d339-419 هجري _eمؤلف. |
|
| 245 | 1 | 2 |
_aالانتصار لأهل المدينة / _cأبو عبد الله محمد بن عمر بن الفخار القرطبي ؛ دراسة وتحقيق محمد التمسماني الإدريسي. |
| 264 | 1 |
_aالرباط : _bالرابطة المحمدية للعلماء، مركز الدراسات والأبحاث وإحياء التراث، _c2009 |
|
| 300 |
_a241 صفحة ؛ _c24 سم. |
||
| 336 |
_aنص _btxt _2rdacontent _3كتاب |
||
| 337 |
_aبدون وسيط _bn _2rdamedia |
||
| 338 |
_aمجلد _bnc _2rdacarrier |
||
| 490 | 1 |
_aسلسلة نوادر التراث ؛ _v5 |
|
| 500 | _aختم اهداء من الرابطة المحمدية للعلماء بالمغرب | ||
| 504 | _aيشتمل على إرجاعات ببليوجرافية. | ||
| 504 | _aببليوجرافية : صفحة 223-235. | ||
| 650 | 7 |
_aالفقه المالكي _2aucsh |
|
| 700 | 1 |
_aالتمسماني الإدريسي، محمد _eمحقق. |
|
| 830 | 0 |
_aسلسلة نوادر التراث (الرابطة المحمدية للعلماء. مركز الدراسات والأبحاث وإحياء التراث) _v5 |
|
| 942 |
_2ddc _cBOOK _n0 |
||
| 949 |
_aSA-JeALM _d250113 _uosman123 _n1 |
||
| 999 |
_c4748 _d4748 |
||